banner koha

Algodão salva o sertão (Registro n. 332141)

MARC details
000 -LÍDER
fixed length control field 00851nab a2200277 4500
003 - CÓDIGO MARC DA AGÊNCIA CATALOGADORA
Campo de controle BR-BrBNA
005 - DATA E HORA DA ÚLTIMA ATUALIZAÇÃO
Campo de controle 20250619130730.0
008 - CAMPO DE TAMANHO FIXO
fixed length control field 250619b bl.||||| |||| 00| 0 por d
040 ## - FONTE DA CATALOGAÇÃO
Agência catalogadora BR-BrBNA
Idioma da catalogação por
072 ## - CATEGORIA AGRIS
Código AGRIS F30 ; F01 ; E70
Código do objeto 0430
100 ## - ENTRADA PRINCIPAL - NOME PESSOAL
Nome pessoal Vital, Nicholas
245 ## - TÍTULO PRINCIPAL
Título principal Algodão salva o sertão
Subtítulo Agrotecnologia
500 ## - NOTA GERAL
Nota geral 7 illus.
942 ## - ADDED ENTRY ELEMENTS (KOHA)
Koha item type Analítica
650 ## - ASSUNTO - THESAGRO
Cabeçalho tópico ou nome geográfico VEGETAL TRANSGÊNICO
650 ## - ASSUNTO - THESAGRO
Cabeçalho tópico ou nome geográfico ALGODÃO
650 ## - ASSUNTO - THESAGRO
Cabeçalho tópico ou nome geográfico SUBPRODUTO
650 ## - ASSUNTO - THESAGRO
Cabeçalho tópico ou nome geográfico PLUMA
650 ## - ASSUNTO - THESAGRO
Cabeçalho tópico ou nome geográfico SEMENTE
650 ## - ASSUNTO - THESAGRO
Cabeçalho tópico ou nome geográfico ÓLEO VEGETAL
650 ## - ASSUNTO - THESAGRO
Cabeçalho tópico ou nome geográfico TORTA
650 ## - ASSUNTO - THESAGRO
Cabeçalho tópico ou nome geográfico RENTABILIDADE
650 ## - ASSUNTO - THESAGRO
Cabeçalho tópico ou nome geográfico NORTE DE MINAS GERAIS
773 0# - ENTRADA ANALÍTICA
Host Biblionumber 1706
Registro do item 347885
Imprenta São Paulo-SP Editora Três Ltda - E-mail: luizfsa@revistadinheiro.com.br 2004
Outro identificador 2025-0384
Título Dinheiro Rural (Brazil)
ISSN 1807-3700
Colação v. 6(58) p. 44-46; (Aug 2009)
Número de controle de registro BR2025003566

Nenhum exemplar disponível.

BINAGRI

Telefone: (61)3218-2567/2388/3357/2097 - binagri@agro.gov.br

Ministério da Agricultura e Pecuária , Esplanada dos Ministérios, Bloco D, Anexo B, Brasília/DF, CEP: 70.043-900